[Event "Championnat de France - Open A"]
[Site "Pau"]
[Date "2008.08.14"]
[Round "3.67"]
[White "Thon, Gabriel"]
[Black "Sauvadet, Herve"]
[Result "0-1"]
[WhiteElo "1985"]
[BlackElo "2041"]
[PlyCount "98"]

1. e4 e5 2. Nf3 Nc6 3. Bc4 Nf6 4. Ng5 d5 5. exd5 Na5 6. Bb5+ c6 7. dxc6 bxc6 8.
Bd3 Be7 9. O-O O-O 10. Qe2 h6 11. Ne4 Nd5 12. Nec3 Bd6 13. Nxd5 cxd5 14. Nc3
Be6 15. f4 exf4 16. Qf3 Nc6 17. Qf2 Nb4 18. Ne2 Rc8 19. Kh1 g5 20. Nd4 Nxd3 21.
cxd3 Bc5 22. Nxe6 fxe6 23. d4 Bb6 24. b3 Qf6 25. Bb2 Rc2 26. Bc3 Rc8 27. Qf3
Bxd4 28. Qd3 R2xc3 29. dxc3 Rxc3 30. Qa6 g4 31. Rac1 Rxc1 32. Rxc1 Bb6 33. Rf1
Kg7 34. Qa4 Be3 35. g3 d4 36. Qxa7+ Kg6 37. Qd7 f3 38. Qe8+ Qf7 39. Qxf7+ Kxf7
40. Rd1 Ke7 41. h3 h5 42. hxg4 hxg4 43. b4 Kd6 44. b5 e5 45. a4 e4 46. Re1 Kc5
47. Rb1 Kb6 48. Re1 Ka5 49. Rb1 d3 0-1

[Event "Championnat de France - Open A"]
[Site "Pau"]
[Date "2008.08.14"]
[Round "3.68"]
[White "Schweitzer, Adrien"]
[Black "Peyre, Thomas"]
[Result "1-0"]
[WhiteElo "2041"]
[BlackElo "1922"]
[PlyCount "63"]

1. d4 Nf6 2. c4 e6 3. g3 d5 4. Nf3 Be7 5. Bg2 O-O 6. O-O b6 7. Qc2 Bb7 8. Ne5
Nbd7 9. cxd5 Nxe5 10. dxe5 Nxd5 11. a3 c5 12. f4 Qc8 13. e4 Nc7 14. f5 Rd8 15.
f6 Bf8 16. fxg7 Bxg7 17. Bg5 Rd7 18. Bf6 Nb5 19. Nc3 Nd4 20. Qd1 Ba6 21. Qg4
Qf8 22. Rf4 Nc2 23. Rd1 Rxd1+ 24. Nxd1 Rd8 25. Bf3 Nd4 26. Nf2 Nc2 27. Qh4 Ne3
28. Bxd8 Bxe5 29. Ng4 Nxg4 30. Rxg4+ Bg7 31. Be7 Qe8 32. Qf6 1-0

[Event "Championnat de France - Open A"]
[Site "Pau"]
[Date "2008.08.14"]
[Round "3.69"]
[White "Auvray, Simon"]
[Black "Batteux, Mickael"]
[Result "1/2-1/2"]
[WhiteElo "1920"]
[BlackElo "2030"]
[PlyCount "70"]

1. e4 e6 2. d4 d5 3. Nd2 Nf6 4. e5 Nfd7 5. Bd3 c5 6. c3 Nc6 7. Ne2 cxd4 8. cxd4
f6 9. exf6 Nxf6 10. O-O Bd6 11. Nf3 O-O 12. Bf4 Bxf4 13. Nxf4 Ne4 14. Qc1 Qd6
15. Ne2 Bd7 16. Nc3 Nxc3 17. bxc3 e5 18. dxe5 Nxe5 19. Nxe5 Qxe5 20. Qb1 Qxc3
21. Qxb7 Qxd3 22. Qxd7 Qf5 23. Qxf5 Rxf5 24. Rab1 Rf7 25. Rfd1 Rd7 26. Rb5 Rc8
27. f3 Rc2 28. Rbxd5 Rxd5 29. Rxd5 Rxa2 30. Rd7 a5 31. Ra7 a4 32. Kf1 a3 33.
Kg1 h6 34. Kf1 Kf8 35. Kg1 Kg8 1/2-1/2

[Event "Championnat de France - Open A"]
[Site "Pau"]
[Date "2008.08.14"]
[Round "3.70"]
[White "Muratet, Lucas"]
[Black "Busson, Benoist"]
[Result "1-0"]
[WhiteElo "1934"]
[BlackElo "2028"]
[PlyCount "69"]

1. e4 e5 2. Nf3 Nc6 3. Bb5 f5 4. d3 Nf6 5. Nbd2 Bc5 6. O-O O-O 7. c3 d6 8. b4
Bb6 9. Nc4 h6 10. a4 fxe4 11. dxe4 Be6 12. a5 a6 13. axb6 cxb6 14. Bxc6 Bxc4
15. Bxb7 Ra7 16. Bd5+ Nxd5 17. exd5 Bxf1 18. Qxf1 Qc8 19. c4 Raf7 20. Be3 Qb7
21. Qd1 Rc8 22. Qb3 Rfc7 23. Nd2 Kf8 24. Qd3 a5 25. bxa5 bxa5 26. Rxa5 Ra8 27.
Rxa8+ Qxa8 28. h3 Rf7 29. c5 Ra7 30. c6 Ra3 31. Qf5+ Kg8 32. Qe6+ Kh7 33. Qxd6
Rxe3 34. fxe3 Qa5 35. Nf1 1-0

[Event "Championnat de France - Open A"]
[Site "Pau"]
[Date "2008.08.14"]
[Round "3.71"]
[White "Beaucoudray, Marc"]
[Black "Deschler, Fabrice"]
[Result "0-1"]
[WhiteElo "2010"]
[BlackElo "2141"]
[PlyCount "84"]

1. e4 c5 2. Nf3 Nc6 3. d4 cxd4 4. Nxd4 Nf6 5. Nc3 e5 6. Ndb5 d6 7. Bg5 a6 8.
Na3 b5 9. Nd5 Be7 10. Bxf6 Bxf6 11. c3 Bg5 12. Nc2 O-O 13. Nce3 Ne7 14. Nxe7+
Bxe7 15. Nd5 Rb8 16. Bd3 Be6 17. Bc2 a5 18. O-O Qd7 19. Bb3 Qb7 20. Qd2 Rfd8
21. f4 exf4 22. Qxf4 Qd7 23. Rad1 h6 24. Nxe7+ Qxe7 25. Bd5 Qg5 26. Qxg5 hxg5
27. h3 Re8 28. Rfe1 f6 29. Kf2 Kf7 30. Kf3 Rec8 31. Rd2 b4 32. cxb4 Rxb4 33.
Bxe6+ Kxe6 34. Red1 Rc6 35. g3 Rcb6 36. b3 a4 37. bxa4 Rxa4 38. Re1 Rba6 39.
Ree2 R6a5 40. h4 gxh4 41. gxh4 Re5 42. Kg4 f5+ 0-1

[Event "Championnat de France - Open A"]
[Site "Pau"]
[Date "2008.08.14"]
[Round "3.72"]
[White "Cruz, Manuel"]
[Black "Licayan, Albert"]
[Result "0-1"]
[WhiteElo "2001"]
[BlackElo "2139"]
[PlyCount "56"]

1. e4 c5 2. d4 cxd4 3. c3 Nf6 4. e5 Nd5 5. cxd4 e6 6. Nf3 Nc6 7. a3 h6 8. Bc4
Nb6 9. Ba2 d5 10. Nc3 Bd7 11. Qe2 a6 12. Be3 Rc8 13. O-O Na5 14. Rac1 Nac4 15.
Rc2 Nxe3 16. fxe3 Be7 17. e4 dxe4 18. Qxe4 Bc6 19. Qd3 Na4 20. Rd1 Nxc3 21.
Rxc3 O-O 22. Bb1 g6 23. Ba2 Kg7 24. Nd2 Bb5 25. Qf3 Qxd4+ 26. Kh1 Rxc3 27. bxc3
Qxe5 28. Qxb7 Qe2 0-1

[Event "Championnat de France - Open A"]
[Site "Pau"]
[Date "2008.08.14"]
[Round "3.73"]
[White "Suez-Panama, Gilles"]
[Black "Zeller, Olivier"]
[Result "0-1"]
[WhiteElo "2093"]
[BlackElo "2011"]
[PlyCount "82"]

1. d4 Nf6 2. Nf3 g6 3. c4 Bg7 4. Nc3 O-O 5. e4 d6 6. Be2 e5 7. O-O Nc6 8. d5
Ne7 9. b4 a5 10. Ba3 b6 11. bxa5 Nh5 12. Re1 f5 13. Ng5 Nf4 14. Bf3 h6 15. Ne6
Nxe6 16. dxe6 Bxe6 17. exf5 Nxf5 18. Bxa8 Qxa8 19. Nd5 Qxa5 20. Bb4 Qa7 21. Qg4
Nd4 22. Ne7+ Kh7 23. Qxg6+ Kh8 24. Qd3 Rf7 25. Ng6+ Kg8 26. Nh4 Qa4 27. Rab1
Qxa2 28. Qd2 Qxd2 29. Bxd2 Bxc4 30. Be3 e4 31. Ng6 Bd3 32. Ra1 Nc2 33. Rac1
Nxe1 34. Rxe1 b5 35. Nf4 Bc4 36. Nh5 Bc3 37. Rc1 b4 38. Bxh6 b3 39. Rxc3 b2 40.
Rxc4 b1=Q+ 41. Rc1 Qb2 0-1

[Event "Championnat de France - Open A"]
[Site "Pau"]
[Date "2008.08.14"]
[Round "3.74"]
[White "Bollard, Maxime"]
[Black "Lemoine, Benoit"]
[Result "0-1"]
[WhiteElo "1980"]
[BlackElo "2092"]
[PlyCount "124"]

1. d4 Nf6 2. c4 g6 3. Nc3 d5 4. cxd5 Nxd5 5. e4 Nxc3 6. bxc3 c5 7. Nf3 Bg7 8.
Bb5+ Bd7 9. Bxd7+ Qxd7 10. O-O cxd4 11. cxd4 Nc6 12. Be3 O-O 13. d5 Ne5 14.
Nxe5 Bxe5 15. Rc1 Rfc8 16. Qd2 Qa4 17. f4 Bd6 18. e5 Ba3 19. Rxc8+ Rxc8 20. Rd1
Rc2 21. Qd3 Bb2 22. d6 exd6 23. exd6 Rc3 24. Qd4 Rc4 25. Qd5 Bf6 26. d7 Bd8 27.
f5 Qc6 28. Bh6 Qxd5 29. Rxd5 f6 30. Be3 b6 31. Kf2 gxf5 32. Kf3 Kf7 33. Bf4
Rc3+ 34. Kf2 Rc2+ 35. Kg3 Rxa2 36. h4 Ra3+ 37. Kh2 Ra5 38. Rd3 Ke6 39. Rd6+ Ke7
40. Rd3 Ra4 41. Kg3 Ra5 42. h5 Rb5 43. h6 a5 44. Kh2 a4 45. Rg3 Kxd7 46. Rg7+
Be7 47. Rxh7 Ra5 48. Bc1 a3 49. Rg7 a2 50. Bb2 Ra8 51. h7 Rh8 52. Bxf6 Ke6 53.
Bb2 Bd6+ 54. Kg1 Be5 55. Bxe5 Kxe5 56. Ra7 Rxh7 57. Rxa2 b5 58. Rb2 Rb7 59. Kf2
Kd4 60. Kf3 Kc3 61. Re2 b4 62. Kf4 Rb5 0-1

[Event "Championnat de France - Open A"]
[Site "Pau"]
[Date "2008.08.14"]
[Round "3.75"]
[White "Medeuf, Yonhel"]
[Black "Kirk, Jason"]
[Result "1-0"]
[WhiteElo "2080"]
[BlackElo "1979"]
[PlyCount "87"]

1. e4 c5 2. d4 cxd4 3. c3 d5 4. exd5 Qxd5 5. cxd4 e6 6. Nc3 Qd8 7. Nf3 Nf6 8.
Be2 Be7 9. O-O O-O 10. Ne5 Nc6 11. Be3 Bd7 12. Qd2 Nb4 13. Bf3 Nbd5 14. Rac1
Bc6 15. a3 Rc8 16. Rc2 Qd6 17. Rfc1 Rfd8 18. Ne4 Nxe4 19. Bxe4 Bf6 20. Ng4 Be7
21. Ne5 Bf6 22. Qe2 Bxe5 23. dxe5 Qxe5 24. Bxa7 Qg5 25. Be3 Qe7 26. g3 Qd7 27.
Qc4 Ra8 28. Rd2 Ra4 29. Qc2 Qe8 30. Bxh7+ Kh8 31. Bd3 Nxe3 32. fxe3 Qd7 33.
Rcd1 Qd5 34. Be4 Qxd2 35. Rxd2 Rxd2 36. Qxd2 Rxe4 37. Qd8+ Kh7 38. Kf2 Bd5 39.
Ke2 Rc4 40. Kd3 Re4 41. h3 Bc6 42. Qc7 Kg8 43. Qc8+ Kh7 44. Qxc6 1-0

[Event "Championnat de France - Open A"]
[Site "Pau"]
[Date "2008.08.14"]
[Round "3.76"]
[White "Bekhouche, Christophe"]
[Black "Daspres, Loic"]
[Result "1/2-1/2"]
[WhiteElo "1973"]
[BlackElo "2060"]
[PlyCount "87"]

1. Nf3 d5 2. g3 Nf6 3. Bg2 g6 4. O-O Bg7 5. d3 O-O 6. c3 c5 7. Qa4 Nc6 8. Qh4
e5 9. Bg5 Qd6 10. Na3 a6 11. e4 b5 12. Bxf6 Bxf6 13. Ng5 Bxg5 14. Qxg5 d4 15.
c4 b4 16. Nc2 Bd7 17. f4 Kg7 18. f5 f6 19. Qd2 g5 20. Bf3 Rfb8 21. b3 a5 22. h4
h6 23. Bh5 Be8 24. Qe2 Qe7 25. Kg2 Bxh5 26. Qxh5 Qe8 27. Qxe8 Rxe8 28. a4 bxa3
29. Nxa3 Nb4 30. Rfd1 a4 31. Rab1 axb3 32. Rxb3 Ra5 33. Kf3 h5 34. hxg5 fxg5
35. g4 h4 36. Nb5 Re7 37. Rd2 Ra6 38. Ra3 Rea7 39. Rxa6 Rxa6 40. Nc7 Ra5 41.
Ne6+ Kf6 42. Nf8 Ra7 43. Ne6 Ra5 44. Nf8 1/2-1/2

[Event "Championnat de France - Open A"]
[Site "Pau"]
[Date "2008.08.14"]
[Round "3.77"]
[White "Hodot, Yves"]
[Black "Lamouille, Patrick"]
[Result "1/2-1/2"]
[WhiteElo "1963"]
[BlackElo "2052"]
[PlyCount "25"]

1. e3 d5 2. d3 c5 3. g3 Nf6 4. Bg2 Nc6 5. h3 e5 6. Ne2 e4 7. O-O Be7 8. b3 O-O
9. Bb2 Qc7 10. Nd2 h5 11. a3 a5 12. Rc1 Rd8 13. Kh2 1/2-1/2

[Event "Championnat de France - Open A"]
[Site "Pau"]
[Date "2008.08.14"]
[Round "3.78"]
[White "Achereiner, Guillaume"]
[Black "Durandeau, Jean-Marie"]
[Result "1/2-1/2"]
[WhiteElo "2025"]
[BlackElo "1956"]
[PlyCount "94"]

1. d4 Nf6 2. c4 g6 3. Nc3 Bg7 4. e4 d6 5. Nf3 O-O 6. Be2 Na6 7. O-O e5 8. Re1
c6 9. Bf1 exd4 10. Nxd4 Ng4 11. h3 Qb6 12. hxg4 Qxd4 13. g5 Qxd1 14. Rxd1 Nc5
15. Rxd6 Bxc3 16. bxc3 Nxe4 17. Rd3 Bf5 18. Bf4 Rfe8 19. Rad1 Nc5 20. Re3 Ne6
21. g3 Nxf4 22. gxf4 Kf8 23. Rd6 Rad8 24. Rxe8+ Kxe8 25. Rxd8+ Kxd8 26. c5 Be6
27. a3 Kc7 28. Bd3 b6 29. Kf1 bxc5 30. Ke2 Kb6 31. Kd2 Ka5 32. Kc1 c4 33. Bc2
Kb5 34. Kd2 Kc5 35. Ke3 Bf5 36. Bd1 Bd3 37. Bg4 Kd6 38. Bh3 c5 39. Bg2 f5 40.
Bf3 Ke6 41. Bb7 Kf7 42. Bd5+ Kg7 43. Kf3 h5 44. gxh6+ Kxh6 45. Kg3 g5 46. fxg5+
Kxg5 47. f4+ Kf6 1/2-1/2

[Event "Championnat de France - Open A"]
[Site "Pau"]
[Date "2008.08.15"]
[Round "4.1"]
[White "Marcantoni, Herve"]
[Black "Dionisi, Thomas"]
[Result "1/2-1/2"]
[WhiteElo "2198"]
[BlackElo "2067"]
[PlyCount "46"]

1. e4 c5 2. Nf3 Nc6 3. d4 cxd4 4. Nxd4 d5 5. exd5 Qxd5 6. Be3 e6 7. Nc3 Bb4 8.
Nxc6 Qxc6 9. Qd4 Bxc3+ 10. bxc3 Nf6 11. Be2 O-O 12. O-O Qc7 13. Bf4 Qa5 14. Bf3
Rd8 15. Qb4 Qxb4 16. cxb4 Nd5 17. Rfd1 Bd7 18. Bxd5 exd5 19. Rxd5 Be6 20. Rxd8+
Rxd8 21. Be3 Bxa2 22. f3 Bc4 23. Rxa7 b5 1/2-1/2

[Event "Championnat de France - Open A"]
[Site "Pau"]
[Date "2008.08.15"]
[Round "4.2"]
[White "Denous, Cyprien"]
[Black "Buscara, Sevan"]
[Result "0-1"]
[WhiteElo "2028"]
[BlackElo "2159"]
[PlyCount "64"]

1. e4 d5 2. exd5 Qxd5 3. Nc3 Qa5 4. Bc4 Nf6 5. d4 Bg4 6. f3 Bf5 7. Nge2 Nbd7 8.
O-O O-O-O 9. Bd2 e5 10. Nd5 Qa4 11. Bb3 Qa6 12. Ne3 Bg6 13. d5 c5 14. Kh1 Qd6
15. Nc4 Qe7 16. Be3 h5 17. Qd2 h4 18. Rad1 h3 19. g3 e4 20. Nf4 exf3 21. Nxg6
fxg6 22. Bxc5 Nxc5 23. Rfe1 Nce4 24. Qe3 Kb8 25. Nd2 Ng4 26. Qxf3 Nef2+ 27. Kg1
Qc5 28. Qc3 Qxc3 29. bxc3 Nxd1 30. Rxd1 Re8 31. Ba4 Re2 32. Bd7 Rg2+ 0-1

[Event "Championnat de France - Open A"]
[Site "Pau"]
[Date "2008.08.15"]
[Round "4.3"]
[White "Millon, Valentin"]
[Black "Chamaillard, Sylvain"]
[Result "1-0"]
[WhiteElo "1991"]
[BlackElo "2109"]
[PlyCount "61"]

1. e4 c5 2. Nf3 Nf6 3. Nc3 d6 4. d4 cxd4 5. Nxd4 Nc6 6. Be2 g6 7. Be3 Bg7 8.
Nb3 O-O 9. f4 a5 10. a4 h5 11. h3 e5 12. Qd2 Re8 13. fxe5 Rxe5 14. Bf3 Re8 15.
O-O-O Ne5 16. Be2 Be6 17. Nd4 Bc4 18. Ndb5 Re6 19. Bf4 Bxe2 20. Qxe2 Bf8 21.
Rhf1 Ned7 22. Nxd6 Ra6 23. Ndb5 Qe7 24. Qf3 Nxe4 25. Nxe4 Rxe4 26. Bd6 Rxd6 27.
Nxd6 Rxa4 28. Qxf7+ Qxf7 29. Nxf7 Ne5 30. Nxe5 Bh6+ 31. Kb1 1-0

[Event "Championnat de France - Open A"]
[Site "Pau"]
[Date "2008.08.15"]
[Round "4.4"]
[White "Brethes, Francois"]
[Black "Lambert, Romain"]
[Result "0-1"]
[WhiteElo "2194"]
[BlackElo "1953"]
[PlyCount "62"]

1. d4 d5 2. Nf3 Nf6 3. c4 e6 4. e3 c6 5. Nbd2 Nbd7 6. Bd3 Bd6 7. O-O O-O 8. e4
e5 9. Re1 dxe4 10. Nxe4 Nxe4 11. Bxe4 f5 12. Bc2 e4 13. Ng5 Nf6 14. f3 h6 15.
fxe4 fxe4 16. c5 Bxh2+ 17. Kxh2 Ng4+ 18. Kg1 Qc7 19. Qxg4 Bxg4 20. Bb3+ Kh8 21.
Nxe4 Rae8 22. Bd2 Qd8 23. Nd6 Rxe1+ 24. Rxe1 Qf6 25. Be3 Qh4 26. Rf1 Rxf1+ 27.
Kxf1 Qf6+ 28. Kg1 Be6 29. Bc2 Bd5 30. Bf5 g6 31. Bh3 Kh7 0-1

[Event "Championnat de France - Open A"]
[Site "Pau"]
[Date "2008.08.15"]
[Round "4.5"]
[White "Frih, Ameur"]
[Black "Guezennec, Franck"]
[Result "1/2-1/2"]
[WhiteElo "2103"]
[BlackElo "2190"]
[PlyCount "88"]

1. d4 Nf6 2. c4 e6 3. Nc3 Bb4 4. e3 c5 5. Bd3 b6 6. Nge2 Bb7 7. O-O O-O 8. a3
Bxc3 9. Nxc3 d5 10. cxd5 cxd4 11. exd4 Nxd5 12. Re1 Nd7 13. Qh5 N7f6 14. Qh3
Qd6 15. Re5 g6 16. Bg5 Rfe8 17. Rae1 Nd7 18. Nxd5 Bxd5 19. R5e2 a6 20. Qh4 b5
21. Bf4 Qf8 22. Rc1 Rac8 23. Rec2 Nb6 24. Be5 Nd7 25. Bc7 Bc4 26. Qg3 Bxd3 27.
Qxd3 Qh6 28. Bf4 Qf8 29. Rc6 Rxc6 30. Rxc6 Rc8 31. Qc3 Nb6 32. Bd6 Qe8 33. Rc5
Rxc5 34. dxc5 Nd5 35. Qd2 Qd8 36. g3 Nf6 37. Qg5 h6 38. Qxh6 Ne4 39. Be5 Nf6
40. Bd6 Ne4 41. Qf4 Nxc5 42. Bxc5 Qd1+ 43. Kg2 Qd5+ 44. Qf3 Qxc5 1/2-1/2

[Event "Championnat de France - Open A"]
[Site "Pau"]
[Date "2008.08.15"]
[Round "4.6"]
[White "Platel, Alexandre"]
[Black "Manoeuvre, Antoine"]
[Result "1/2-1/2"]
[WhiteElo "2190"]
[BlackElo "2095"]
[PlyCount "31"]

1. e4 e6 2. d4 d5 3. Nc3 Nf6 4. e5 Nfd7 5. f4 c5 6. Nf3 Nc6 7. Be3 cxd4 8. Nxd4
Bc5 9. Qd2 O-O 10. Bb5 Qc7 11. O-O a6 12. Be2 b5 13. Bf3 Nxd4 14. Bxd4 b4 15.
Ne2 a5 16. Bxc5 1/2-1/2

[Event "Championnat de France - Open A"]
[Site "Pau"]
[Date "2008.08.15"]
[Round "4.7"]
[White "Lallement, Victor"]
[Black "Zarrouati, Pierre"]
[Result "1/2-1/2"]
[WhiteElo "2097"]
[BlackElo "2188"]
[PlyCount "77"]

1. e4 e5 2. Nf3 Nc6 3. Bc4 Be7 4. O-O Nf6 5. d3 d6 6. c3 O-O 7. Bb3 h6 8. Nbd2
Nh7 9. h3 Kh8 10. d4 Ng5 11. Nxg5 Bxg5 12. Nf3 Bxc1 13. Rxc1 Qf6 14. dxe5 dxe5
15. Qe2 Ne7 16. Kh2 g5 17. g3 Ng6 18. Nd2 a5 19. Qf3 Qxf3 20. Nxf3 a4 21. Bc4
Be6 22. Bxe6 fxe6 23. Kg2 Rad8 24. Rcd1 Kg7 25. Rfe1 Kf6 26. Kf1 Ne7 27. Ke2
Nc8 28. Rxd8 Rxd8 29. Rd1 Nd6 30. Nd2 Ra8 31. Kd3 h5 32. Nc4 Nb5 33. Kc2 Ra6
34. Rd3 g4 35. hxg4 hxg4 36. Ne3 Nd6 37. Nxg4+ Kg5 38. f3 Nxe4 39. Nxe5 1/2-1/2

[Event "Championnat de France - Open A"]
[Site "Pau"]
[Date "2008.08.??"]
[Round "4.8"]
[White "Iglesias, Joachim"]
[Black "Koch, Alain"]
[Result "1-0"]
[WhiteElo "2187"]
[BlackElo "2090"]
[PlyCount "110"]

1. d4 d5 2. Nf3 Nf6 3. e3 e6 4. Bd3 Bd6 5. Nbd2 Nbd7 6. O-O O-O 7. e4 e5 8.
exd5 exd4 9. Ne4 Nxe4 10. Bxe4 f5 11. Bd3 Nb6 12. Bg5 Qd7 13. Nxd4 h6 14. Bd2
Nxd5 15. Bc4 c6 16. Bxd5+ cxd5 17. Qf3 Kh7 18. Bf4 b6 19. Bxd6 Qxd6 20. Rfe1
Bd7 21. Re2 Rae8 22. Rae1 Re4 23. Qd3 Qf6 24. c3 Rfe8 25. f3 Rxe2 26. Rxe2 Rxe2
27. Nxe2 Qe5 28. g3 a6 29. f4 Qe4 30. Qxe4 dxe4 31. c4 Kg6 32. Kf2 Kf6 33. Ke3
Ke6 34. Kd4 Kd6 35. Nc3 Bc6 36. Nd1 h5 37. Nc3 g6 38. Nd1 Ba4 39. b3 Bc6 40.
Nf2 Be8 41. Nh3 Bf7 42. Ng5 Bg8 43. Nh3 a5 44. Ng1 Bf7 45. Ne2 Be8 46. Nc3 Bc6
47. h3 Be8 48. a3 Bc6 49. h4 Be8 50. Nd5 Kc6 51. b4 axb4 52. axb4 Bf7 53. b5+
Kb7 54. Ne3 Kc7 55. Nd5+ Kd6 {suite illisible} 1-0

[Event "Championnat de France - Open A"]
[Site "Pau"]
[Date "2008.08.15"]
[Round "4.9"]
[White "Loiseau, Quentin"]
[Black "Derieux, Christian"]
[Result "0-1"]
[WhiteElo "2028"]
[BlackElo "2149"]
[PlyCount "104"]

1. Nf3 c5 2. c4 Nf6 3. Nc3 d5 4. cxd5 Nxd5 5. d4 e6 6. e4 Nxc3 7. bxc3 cxd4 8.
cxd4 Bb4+ 9. Bd2 Bxd2+ 10. Qxd2 O-O 11. Bd3 b6 12. Rc1 Bb7 13. h4 Nc6 14. e5
Ne7 15. Ng5 h6 16. Bh7+ Kh8 17. Be4 Bxe4 18. Nxe4 Nf5 19. Rd1 Qd5 20. f3 Rad8
21. O-O Qxd4+ 22. Qxd4 Rxd4 23. Rxd4 Nxd4 24. Rd1 Nc6 25. f4 Rd8 26. Nd6 Kg8
27. Rc1 Nb4 28. Rc7 Nxa2 29. Rxa7 Nc3 30. g3 f6 31. Re7 fxe5 32. fxe5 Rb8 33.
Kf2 b5 34. Rb7 Rxb7 35. Nxb7 Kf7 36. Ke3 Ke7 37. Nd6 b4 38. Kd3 Kd7 39. Kc4 Nd5
40. Ne4 Ne3+ 41. Kxb4 Kc6 42. Kc3 Kd5 43. Kd3 Nf5 44. Nc3+ Kxe5 45. Ne2 h5 46.
Kd2 Ke4 47. Nf4 Nxg3 48. Nxe6 Nf5 49. Ng5+ Kf4 50. Ke2 Kg3 51. Ne6 g6 52. Nf8
Nxh4 0-1

[Event "Championnat de France - Open A"]
[Site "Pau"]
[Date "2008.08.15"]
[Round "4.10"]
[White "Migot, Tanguy"]
[Black "Leitner, Walter"]
[Result "1-0"]
[WhiteElo "2050"]
[BlackElo "2126"]
[PlyCount "59"]

1. e4 c6 2. d4 d5 3. Nc3 dxe4 4. Nxe4 Nf6 5. Nxf6+ gxf6 6. c3 Bf5 7. Nf3 e6 8.
g3 Bd6 9. Bg2 Nd7 10. O-O Qc7 11. Nh4 Bg6 12. Bh6 O-O-O 13. b4 Rhg8 14. b5 cxb5
15. a4 bxa4 16. Qxa4 Bd3 17. Rfc1 a6 18. c4 Be7 19. Qb3 Bg6 20. Nxg6 Rxg6 21.
Be3 Nb8 22. d5 Bc5 23. Bxc5 Qxc5 24. dxe6 Nc6 25. Rcb1 Rd2 26. Qxb7+ Kd8 27.
Qb8+ Ke7 28. Rb7+ Kxe6 29. Qe8+ Ne7 30. Rxe7+ 1-0

[Event "Championnat de France - Open A"]
[Site "Pau"]
[Date "2008.08.15"]
[Round "4.11"]
[White "Le Hetet, Nicolas"]
[Black "Dubocage, Claude"]
[Result "1/2-1/2"]
[WhiteElo "2123"]
[BlackElo "1970"]
[PlyCount "33"]

1. e4 g6 2. d4 d6 3. Nc3 Bg7 4. f4 Nf6 5. Nf3 c5 6. Be3 Qa5 7. Qd2 O-O 8. h3
Nc6 9. Bd3 cxd4 10. Nxd4 Nxd4 11. Bxd4 e5 12. fxe5 dxe5 13. Be3 Be6 14. O-O
Rfd8 15. Nd5 Qxd2 16. Nxf6+ Bxf6 17. Bxd2 1/2-1/2

[Event "Championnat de France - Open A"]
[Site "Pau"]
[Date "2008.08.15"]
[Round "4.12"]
[White "Marciniak, Alexandre"]
[Black "Kharmoudi, Slimane"]
[Result "1-0"]
[WhiteElo "2186"]
[BlackElo "2087"]
[PlyCount "57"]

1. e4 c5 2. Nf3 d6 3. d4 cxd4 4. Nxd4 Nf6 5. Nc3 g6 6. Be3 Bg7 7. f3 O-O 8. Qd2
Nc6 9. O-O-O d5 10. exd5 Nxd5 11. Nxc6 bxc6 12. Bd4 e5 13. Bc5 Be6 14. Ne4 Re8
15. h4 f5 16. Ng5 Bh6 17. Bc4 Qf6 18. Kb1 Rad8 19. Qe1 Bc8 20. Qa5 Bxg5 21.
hxg5 Qxg5 22. Qc7 Bd7 23. Bxd5+ cxd5 24. Rxd5 Qxg2 25. Rg1 Rc8 26. Qxd7 Qxf3
27. Rxe5 Red8 28. Qe6+ Kh8 29. Ree1 1-0

[Event "Championnat de France - Open A"]
[Site "Pau"]
[Date "2008.08.15"]
[Round "4.13"]
[White "Redon, Bruno"]
[Black "Poignot, Quentin"]
[Result "0-1"]
[WhiteElo "2164"]
[BlackElo "2087"]
[PlyCount "72"]

1. d4 Nf6 2. Nf3 c5 3. c4 e6 4. Nc3 cxd4 5. Nxd4 Bb4 6. Nc2 Bxc3+ 7. bxc3 O-O
8. Ba3 Re8 9. e3 d5 10. Be2 Nc6 11. O-O Qc7 12. cxd5 Nxd5 13. c4 Nc3 14. Qd2
Nxe2+ 15. Qxe2 e5 16. Rfd1 Na5 17. Rac1 Qxc4 18. Qd2 b6 19. Nb4 Qg4 20. f3 Qg5
21. Nd5 Bb7 22. Rc7 Bxd5 23. Qxd5 Qxe3+ 24. Kh1 Qf4 25. Bb4 h6 26. g3 Qf5 27.
Qe4 Qh3 28. Qd5 Qf5 29. g4 Qf6 30. Be7 Qf4 31. Rdc1 Rab8 32. g5 Rxe7 33. Rc8+
Rxc8 34. Rxc8+ Kh7 35. g6+ Kxg6 36. Rc2 Qd4 0-1

[Event "Championnat de France - Open A"]
[Site "Pau"]
[Date "2008.08.15"]
[Round "4.14"]
[White "Kieffer, Christian"]
[Black "Smith, Matthieu"]
[Result "0-1"]
[WhiteElo "2148"]
[BlackElo "2064"]
[PlyCount "79"]

1. e4 c5 2. Nf3 Nc6 3. Nc3 d6 4. d4 cxd4 5. Nxd4 e5 6. Nde2 Nf6 7. Bg5 Be7 8.
Bxf6 Bxf6 9. Nd5 Bg5 10. Nec3 a6 11. a4 Be6 12. Bc4 Nd4 13. O-O Rc8 14. Qd3
Nxc2 15. Qxc2 Rxc4 16. Qb3 Qc8 17. Rfd1 Rc6 18. Qa3 Be7 19. b4 Qd8 20. b5 Rc5
21. Rd3 O-O 22. bxa6 bxa6 23. Rad1 Bg5 24. h3 Qb8 25. Rb1 Qc8 26. Rb6 Bxd5 27.
Nxd5 Rd8 28. Rg3 Bc1 29. Qd3 Qe6 30. Rxa6 Bf4 31. Nxf4 exf4 32. Rf3 Qe5 33. Rb6
g5 34. g3 h6 35. Rb5 Rdc8 36. Rxc5 Rxc5 37. gxf4 Rc1+ 38. Kh2 Qa1 39. fxg5 Rh1+
40. Kg3 0-1

[Event "Championnat de France - Open A"]
[Site "Pau"]
[Date "2008.08.15"]
[Round "4.15"]
[White "Carrasco, Patrick"]
[Black "Renaudin, Mathieu"]
[Result "0-1"]
[WhiteElo "2087"]
[BlackElo "2146"]
[PlyCount "50"]

1. e4 e6 2. d4 d5 3. Nd2 Nf6 4. e5 Nfd7 5. c3 c5 6. Bd3 Nc6 7. Ne2 f6 8. Nf4
Qe7 9. Qh5+ Qf7 10. exf6 Nxf6 11. Qxf7+ Kxf7 12. Nf3 cxd4 13. cxd4 Nxd4 14.
Nxd4 e5 15. Nb5 Bb4+ 16. Kf1 exf4 17. Bxf4 Bd7 18. a3 Bxb5 19. Bxb5 Ba5 20. Rd1
Rac8 21. Be5 Bb6 22. Bd3 Rhe8 23. Bf5 Rc4 24. f4 Ne4 25. Rxd5 Nf2 0-1

[Event "Championnat de France - Open A"]
[Site "Pau"]
[Date "2008.08.15"]
[Round "4.16"]
[White "Debray, Tristan"]
[Black "Marchadour, Claire"]
[Result "1-0"]
[WhiteElo "2145"]
[BlackElo "2060"]
[PlyCount "67"]

1. e4 c5 2. Nc3 a6 3. g3 b5 4. Bg2 Bb7 5. d3 e6 6. Nf3 d5 7. exd5 exd5 8. d4 b4
9. Ne2 c4 10. Ne5 Nc6 11. Nxc6 Bxc6 12. O-O Nf6 13. f3 Be7 14. g4 O-O 15. Ng3
g6 16. g5 Ne8 17. f4 Nc7 18. h4 f5 19. gxf6 Bxf6 20. h5 Nb5 21. Be3 Re8 22. Bf2
gxh5 23. Nxh5 Kh8 24. f5 Rg8 25. Nf4 c3 26. bxc3 Nxc3 27. Qh5 Rg5 28. Qh3 Bd7
29. Bh4 Bxf5 30. Qe3 Rxg2+ 31. Nxg2 Bxh4 32. Rxf5 Bf6 33. Raf1 Bxd4 34. Qxd4+
1-0

[Event "Championnat de France - Open A"]
[Site "Pau"]
[Date "2008.08.15"]
[Round "4.17"]
[White "Ider, Borya"]
[Black "Milesi, Laurent"]
[Result "1-0"]
[WhiteElo "2065"]
[BlackElo "2145"]
[PlyCount "125"]

1. d4 b6 2. Nf3 Bb7 3. g3 e6 4. Bg2 f5 5. O-O Nf6 6. c4 g6 7. Nc3 Bg7 8. d5 Na6
9. Bf4 O-O 10. Nd4 Re8 11. dxe6 Bxg2 12. Kxg2 dxe6 13. Nc6 Qc8 14. Ne5 Qb7+ 15.
f3 Rad8 16. Qc2 Nh5 17. Rad1 Rxd1 18. Qxd1 Qc8 19. Nc6 Nb8 20. Nxa7 Qb7 21. Qa4
Nxf4+ 22. gxf4 Rd8 23. Nab5 c6 24. Na3 Rd2 25. Nab1 Rxb2 26. Rd1 Nd7 27. Qa3
Rc2 28. Qb3 Rxc3 29. Nxc3 Nc5 30. Qc2 Qc7 31. Qd2 Bf6 32. e3 Kg7 33. Ne2 Kh6
34. Qd6 Qa7 35. Qf8+ Bg7 36. Qd8 Bb2 37. Rd2 Qa3 38. Kf2 Bc3 39. Qh4+ Kg7 40.
Qe7+ Kh6 41. Rd7 Nd3+ 42. Kg2 Qxe7 43. Rxe7 Bb4 44. Rxe6 Bc5 45. e4 fxe4 46.
fxe4 Nb2 47. Rxc6 Nxc4 48. Rc7 Ne3+ 49. Kf3 Nf1 50. e5 Nxh2+ 51. Ke4 Ng4 52.
Kd5 Ne3+ 53. Ke6 Nf5 54. Kf6 Ne3 55. Rd7 Ng4+ 56. Kf7 g5 57. e6 gxf4 58. e7
Ne5+ 59. Ke6 f3 60. e8=Q fxe2 61. Rxh7+ Kxh7 62. Qh5+ Kg8 63. Qxe5 1-0